Southville International School and Colleges
Your cart is empty.
  • Cart
  • Lists
    Public lists Eva Luna New books Lux_list list_1
    Your lists Log in to create your own lists
  • Log in to your account
  • Your cookies
  • Search history
Southville International School and Colleges
  • Advanced search
  • Recent comments
  • Most popular
  • Libraries

Log in to your account

Log in with GOOGLE


If you do not have an external account, but do have a local account, you can still log in:

  1. Home
  2. MARC view: Advertising and promotion :
Normal view MARC view ISBD view

Advertising and promotion : (Record no. 305467)

[ view plain ]
MARC details
000 -LEADER
fixed length control field 00823nam a2200265Ia 4500
008 - FIXED-LENGTH DATA ELEMENTS--GENERAL INFORMATION
fixed length control field 170203s9999 xx 000 0 und d
020 ## - INTERNATIONAL STANDARD BOOK NUMBER
International Standard Book Number 9780071288699
050 ## - LIBRARY OF CONGRESS CALL NUMBER
Classification number 659.1
050 ## - LIBRARY OF CONGRESS CALL NUMBER
Item number .B427a 2009
100 ## - MAIN ENTRY--PERSONAL NAME
Personal name Belch, George Eugene.
245 ## - TITLE STATEMENT
Title Advertising and promotion :
245 ## - TITLE STATEMENT
Remainder of title an integrated marketing communications perspective /
245 ## - TITLE STATEMENT
Statement of responsibility, etc George E. Belch & Michael A. Belch.
250 ## - EDITION STATEMENT
Edition statement 8th edition, McGraw-Hill international edition.
260 ## - PUBLICATION, DISTRIBUTION, ETC. (IMPRINT)
Place of publication, distribution, etc Boston :
260 ## - PUBLICATION, DISTRIBUTION, ETC. (IMPRINT)
Name of publisher, distributor, etc McGraw-Hill/Irwin,
260 ## - PUBLICATION, DISTRIBUTION, ETC. (IMPRINT)
Date of publication, distribution, etc c2009.
300 ## - PHYSICAL DESCRIPTION
Extent xxv, 838 pages :
300 ## - PHYSICAL DESCRIPTION
Other physical details col. ill. ;
300 ## - PHYSICAL DESCRIPTION
Dimensions 28 cm.
500 ## - GENERAL NOTE
General note Rev. ed. of: Introduction to advertising and promotion. 3rd ed. 1995.
650 ## - SUBJECT ADDED ENTRY--TOPICAL TERM
Topical term or geographic name as entry element Sales promotion.
650 ## - SUBJECT ADDED ENTRY--TOPICAL TERM
Topical term or geographic name as entry element Advertising.
650 ## - SUBJECT ADDED ENTRY--TOPICAL TERM
Topical term or geographic name as entry element Communication in marketing.
Holdings
Withdrawn status Lost status Damaged status Home library Current library Shelving location Date acquired Total Checkouts Full call number Barcode Date last seen Price effective from Koha item type
      Stonyhurst Southville International School (Batangas) Stonyhurst Southville International School (Batangas)   02/03/2017   659.1 .B427a 2009 US-1323 02/03/2017 02/03/2017 Books

Advertising and promotion :

APA

Belch G. E., .Advertising and promotion. Boston: .

Chicago

Belch George Eugene, .Advertising and promotion. Boston: .

Harvard

Belch G. E., .Advertising and promotion. Boston: .

MLA

Belch George Eugene, .Boston: . .

  • Place hold
  • Print
  • Cite
  • Add to your cart (remove)
  • Save record
    BIBTEX Dublin Core MARCXML MARC (non-Unicode/MARC-8) MARC (Unicode/UTF-8) MARC (Unicode/UTF-8, Standard) MODS (XML) RIS
  • More searches
    Search for this title in:
    Other Libraries (WorldCat) Other Databases (Google Scholar) Online Stores (Bookfinder.com) Open Library (openlibrary.org)

Exporting to Dublin Core...

SOUTHVILLE LIBRARY

Southville International School and Colleges Library

1281 Tropical Ave. Cor. Luxembourg St., BF Homes International, Las Pinas City

Tel. No. 8256374 / 252358 Loc. 117/146

Powered by Koha